| 000 | 00438nam a22001217a 4500 | ||
|---|---|---|---|
| 082 |
_a297 _bWaqdi _cMasjid |
||
| 100 |
_aمؤرخ اسلام علامہ واقدی کی زبانی مترجم مولانا حکیم شبیر احمد انصاری _951161 |
||
| 245 | _aصحابہ کرام کے جنگی معرکے | ||
| 260 |
_aLahore _bMuktaba Khalil _c2010 |
||
| 300 | _a515 | ||
| 526 |
_a0 _b0 _c0 _d297_000000000000000_WAQDI |
||
| 942 |
_2ddc _cBK |
||
| 999 |
_c553922 _d553922 |
||